Statystyki dla Stolica Europy -> Język urzędowy

Kliknij tutaj aby rozwiązać quiz!

Ogólne statystyki

  • Ten quiz został rozwiązany 229 razy
  • Średni wynik to 41 z 47

Statystyki odpowiedzi

StolicaJęzyk urzędowy w państwie% Poprawnych
Brukselafrancuski
96%
Madrythiszpański
96%
Luksemburgluksemburski
96%
Bernoniemiecki
96%
Berlinniemiecki
96%
Vaduzniemiecki
96%
Wiedeńniemiecki
96%
Mińskbiałoruski
95%
Moskwarosyjski
95%
Londynangielski
94%
Lizbonaportugalski
94%
Sarajewobośniacki
93%
Pragaczeski
93%
Paryżfrancuski
93%
Monakofrancuski
93%
Nikozjagrecki
93%
Atenygrecki
93%
Oslonorweski
93%
Warszawapolski
93%
Prisztinaserbski
93%
Kijówukraiński
93%
San Marinowłoski
93%
Rzymwłoski
93%
Kopenhagaduński
92%
Zagrzebchorwacki
91%
Budapesztwęgierski
91%
Sztokholmszwedzki
90%
Wilnolitewski
89%
Bratysławasłowacki
89%
Tiranaalbański
88%
Tallinnestoński
88%
Reykjavikislandzki
88%
Rygałotewski
88%
Dublinirlandzki
87%
Kiszyniówmołdawski
86%
Bukaresztrumuński
86%
Belgradserbski
86%
Lublanasłoweński
86%
Sofiabułgarski
85%
Helsinkifiński
83%
Skopjemacedoński
80%
Podgoricaczarnogórski
75%
Valettamaltański
75%
Amsterdamniderlandzki
75%
Tbilisigruziński
64%
Andorakataloński
45%
Erywańormiański
44%

Rozkład punktacji

Percentyl według liczby udzielonych odpowiedzi

Procent ludzi z każdym wynikiem

Twoja historia wyników

Nie rozwiązałeś tego quizu